CS2 Top 20 HLTV Players 2024 - Statistiques

Statistiques générales
  • Ce quiz a été pris 204 fois
  • Le résultat moyen est 15 sur 20
Statistiques - réponses
Top# Country Players % Correct
1 Russia donk
99%
3 France ZywOo
99%
2 Russia m0NESY
94%
7 Israel flameZ
89%
18 Estonia ropz
89%
4 Bosnia and Herzegovina NiKo
86%
13 Israel Spinx
85%
6 Russia sh1ro
76%
15 Turkey XANTARES
75%
5 Lithuania jL
70%
9 Ukraine b1t
67%
19 USA EliGE
66%
11 Ukraine w0nderful
66%
16 Romania iM
65%
8 Latvia broky
62%
12 Guatemala malbsMd
60%
10 Slovakia frozen
58%
14 Israel xertioN
57%
17 Finland Jimpphat
50%
20 Hungary torzsi
48%
Aucun quiz correspondant
Distribution des résultats
% des personnes avec chaque résultat
Percentile par nombre de réponses
Votre historique - résultats
Vous n’avez pas pris ce quiz